000 00465nam a2200181Ia 4500
001 4319
005 20260306145747.0
008 260306t2012||||xx |||||||||||||| ||spa||
041 _aESP
082 _a320.71
_bN564
100 _aNohlen, Dieter
_eAUT
245 0 _a¿Cómo estudiar ciencia política?:
_buna introducción de trece lecciones
260 _c2012
300 _a310 páginas :
_c24 cm.
650 _aGEN
654 _aCDE
942 _cLIB
_dJUS
_fJUS
_2ddc
_n
999 _c4319
_d4319